| 000 | 01805cam a22003497a 4500 | ||
|---|---|---|---|
| 001 | 13896619 | ||
| 005 | 20060728190648.0 | ||
| 008 | 050311s2005 nyuab |rb 001 0 eng d | ||
| 010 | _a 2005295927 | ||
| 020 | _a0824759346 | ||
| 035 | _a(OCoLC)ocm57659687 | ||
| 040 |
_aIUA _cIUA _dDLC |
||
| 042 | _alccopycat | ||
| 050 | 0 | 0 |
_aTA658.4 _b.T37 2005 |
| 082 | 0 | 0 |
_a693.85 _222 _bTAR |
| 100 | 1 |
_aTaranath, Bungale S. _912365 |
|
| 245 | 1 | 0 |
_aWind and Earthquake Resistant Buildings : _bStructural Analysis and Design / _cBungale S. Taranath. |
| 260 |
_aNew York : _bCRC, 2005 _cc2005. |
||
| 300 |
_axiv, 892 p. : _bill., maps ; _c27 cm. |
||
| 490 |
_aCivil and environmental engineering ; _v18 |
||
| 504 | _aIncludes bibliographical references (p. 873-876) and index. | ||
| 505 | 0 | _ach. 1. Wind loads -- ch. 2. Seismic design -- ch. 3. Steel buildings -- ch. 4. Concrete buidings -- ch. 5. Composite buildings -- ch. 6. Seismic rehabilitation of existing buildings -- ch. 7. Gravity systems -- ch. 8. Special topics. | |
| 650 | 0 |
_aStructural design. _912366 |
|
| 650 | 0 |
_aStructural analysis (Engineering) _912367 |
|
| 650 | 0 |
_aEarthquake resistant design. _912368 |
|
| 650 | 0 |
_aWind resistant design. _912369 |
|
| 856 | 4 | 2 |
_3Publisher description _uhttp://www.loc.gov/catdir/enhancements/fy0648/2005295927-d.html |
| 942 |
_2ddc _cNB |
||
| 999 |
_c13611 _d13611 |
||